000 00412nam a2200133 a 4500
001 000033489
005 20200930070308.0
008 110830s1940 dr 000 0 spa d
040 _aDO-SdBNP
_bspa
_cBNPHU
100 1 _aÁlvarez, J. Virgilo
_959017
245 1 0 _aBrisas de primavera /
_cJ. Virgilio Álvarez.
260 _aSantiago, República Dominicana :
_bImp. Muchas Gracias,
_c1940.
300 _a51 p. ;
_c19 cm.
999 _c32980
_d32980